| 000 | 00990nam0a22002531 4500 | ||
|---|---|---|---|
| 001 | rc\33571 | ||
| 005 | 20260407013025.0 | ||
| 035 | _a(NLR Aleph) 005317994 | ||
| 090 |
_a6457252 _c6457252 |
||
| 100 | _a20021216d1992 |||y0rusy50 ca | ||
| 101 | 0 | _arus | |
| 102 | _aRU | ||
| 105 | _ay ||||||||| | ||
| 200 | 1 |
_aК проблемам обучения и воспитания в национальной школе _e(Сб. аспирант. ст.) _fИн-т нац. пробл. образования _g[Отв. ред. Сукунов Х.Х.] |
|
| 210 |
_aМ. _cБ. и. _d1992 |
||
| 215 |
_a[1], 186 с. _d20 |
||
| 320 | _aБиблиогр. в конце ст. | ||
| 702 | 1 |
_aСукунов _bХ.Х. _gХасан Хабижевич _4340 |
|
| 712 | 0 | 2 |
_aИнститут национальных проблем образования _cМосква _3RU\NLR\AUTH\8810000957 _9499078 |
| 801 | 0 |
_aRU _bNLR _gpsbo |
|
| 801 | 1 |
_aRU _bELAR _2rusmarc |
|
| 852 |
_aNLR _j92-3/4723 |
||
| 942 | _cBOOK | ||
| 980 | _aNB | ||